Australia and New Zealand Forest Valuation Standard (Record no. 122350)
[ view plain ]
| 000 -LEADER | |
|---|---|
| fixed length control field | 01083cam a22002535a 4500 |
| 005 - DATE AND TIME OF LATEST TRANSACTION | |
| control field | 20260514154007.0 |
| 008 - FIXED-LENGTH DATA ELEMENTS--GENERAL INFORMATION | |
| fixed length control field | 260514s2025 at fo 000 0 eng d |
| 041 0# - LANGUAGE CODE | |
| Language code of text/sound track or separate title | eng |
| 110 ## - MAIN ENTRY--CORPORATE NAME | |
| Corporate name or jurisdiction name as entry element | Forestry Australia |
| 9 (RLIN) | 6357 |
| 245 00 - TITLE STATEMENT | |
| Title | Australia and New Zealand Forest Valuation Standard |
| Medium | [Electronic resource] |
| 260 ## - PUBLICATION, DISTRIBUTION, ETC. | |
| Name of publisher, distributor, etc. | Forestry Australia & New Zealand Institution of Forestry, |
| Date of publication, distribution, etc. | December 2025 |
| 520 ## - SUMMARY, ETC. | |
| Summary, etc. | The ANZ Forest Valuation Standard is a joint initiative of Forestry Australia and the New Zealand Institute of Forestry. Sections on Forest description, yield estimation, taxation, compulsory sale, carbon, forest valuation methods, valuation uncertainty |
| 520 ## - SUMMARY, ETC. | |
| Summary, etc. | Effective from 1 June 2023 |
| 650 ## - SUBJECT ADDED ENTRY--TOPICAL TERM | |
| Topical term or geographic name entry element | Woodlands |
| 650 ## - SUBJECT ADDED ENTRY--TOPICAL TERM | |
| Topical term or geographic name entry element | Valuation |
| 650 ## - SUBJECT ADDED ENTRY--TOPICAL TERM | |
| Topical term or geographic name entry element | Forests |
| 651 #4 - SUBJECT ADDED ENTRY--GEOGRAPHIC NAME | |
| Geographic name | Australia |
| 651 #4 - SUBJECT ADDED ENTRY--GEOGRAPHIC NAME | |
| Geographic name | New Zealand |
| 690 ## - LOCAL SUBJECT ADDED ENTRY--TOPICAL TERM (OCLC, RLIN) | |
| Topical term or geographic name as entry element | Valuation |
| 9 (RLIN) | 6273 |
| 710 ## - ADDED ENTRY--CORPORATE NAME | |
| Corporate name or jurisdiction name as entry element | Forestry Australia |
| 9 (RLIN) | 6357 |
| 710 ## - ADDED ENTRY--CORPORATE NAME | |
| Corporate name or jurisdiction name as entry element | New Zealand Institute of Forestry |
| 9 (RLIN) | 6358 |
| 856 41 - ELECTRONIC LOCATION AND ACCESS | |
| Uniform Resource Identifier | <a href="https://www.forestry.org.au/forest-valuation-standards/">https://www.forestry.org.au/forest-valuation-standards/</a> |
| Public note | Available from Forestry Australia |
| 942 ## - ADDED ENTRY ELEMENTS (KOHA) | |
| Suppress in OPAC | 0 |
| Source of classification or shelving scheme | Dewey Decimal Classification |
| Withdrawn status | Lost status | Damaged status | Not for loan | Home library | Current library | Shelving location | Date acquired | Total Checkouts | Date last seen | Price effective from | Koha item type |
|---|---|---|---|---|---|---|---|---|---|---|---|
| Virtual | Virtual | Online | 14/05/2026 | 14/05/2026 | 14/05/2026 | Online material |